Dopravné podniky a ich identita v globalizovanej spoločnosti
Podniková identita a úspešnosť podniku. Ciele a zložky podnikovej identity. Ciele podnikovej komunikácie. Podnikový dizajn. Imidž podniku. Manažment riadenia vzťahov so zákazníkmi.
Na minha lista:
| Autor principal: | |
|---|---|
| Formato: | Capítulo de Livro |
| Idioma: | eslovaco |
| Assuntos: | |
| Tags: |
Sem tags, seja o primeiro a adicionar uma tag!
|
MARC
| LEADER | 00000naa a2200000 4500 | ||
|---|---|---|---|
| 001 | 0151724 | ||
| 005 | 20231207073801.6 | ||
| 041 | 0 | |a slo | |
| 044 | |a SK | ||
| 245 | 1 | 0 | |a Dopravné podniky a ich identita v globalizovanej spoločnosti |c Alžbeta Bieliková |
| 520 | |a Podniková identita a úspešnosť podniku. Ciele a zložky podnikovej identity. Ciele podnikovej komunikácie. Podnikový dizajn. Imidž podniku. Manažment riadenia vzťahov so zákazníkmi. | ||
| 610 | 2 | 0 | |a podnik dopravný |
| 610 | 2 | 0 | |a kultúra podniková |
| 610 | 2 | 0 | |a identita podniková |
| 610 | 2 | 0 | |a riadenie vzťahov so zákazníkmi |
| 610 | 2 | 0 | |a komunikácia firemná |
| 610 | 2 | 0 | |a doprava |
| 100 | 1 | |a Bieliková, Alžbeta | |